01084agaaa2200241 45000010005000000030009000050050017000140070009000310080040000400400023000800410013001031000041001161300017001572450070001742500022002442600126002663000033003925200270004255380016006955460013007116500066007247000052007909220IT-RoPAU20220918181304.0d cvaizq50131s9999||||xx ||| | || ||und|| aIT-RoPAUcIT-RoPAU aITALIANO aAnonimo gCodice regista SPICS: 2620 aCIAK SI GIRA aCIAK SI GIRApCIAK SI GIRA (Rif. Codice opera principale : 79220) aEdizione Standard aROMA (U.R.S.S.)bSAMPAOLO FILM AUDIOVISIVI / Distribuzione: MASTER VIDEOg"1977 (1° ed.: 1986 ; Ed. Lingua Orig.: 1977)" aVHSbsonoro, col.c20 minuti aLINGUAGGIO-DELL'IMMAGINE-N.10E' UN CARTONE ANIMATO CHE ILLUSTRA LE VARIE FASI ATTRAVERSO LE QUALI PASSALA PRODUZIONE DI UN FILM COGLIENDONE SOPRATTUTTO GLI ASPETTI UMORISTICI COSTITUISCE UNA SPECIE DI SINTESI E DI PIACEVOLE CHIUSURA DEL PROGRAMMA RELATIVO AL CINEMA aPAL, STEREO aITALIANO aDIDATTICOeSTUDI SUL CINEMA [VHS]xCodice MATERIA SPICS: 9959 aAnonimo e(regista)gCodice regista SPICS: 2620